000 00742nam a22002535i 4500
001 10990
003 ES-MaACL
005 20240508104652.0
007 t|
008 920610s1992 sp ||||0| spa j
020 _a84-7658-347-8
040 _aM-BN
_bspa
_cM-BN
080 _a860-31"19"
100 1 _aRomojaro, Rosa.
_999485
245 1 0 _aPáginas amarillas
_b: (el relato de la protagonista) /
_cRosa Romojaro.
250 _a[1ª ed.].
260 _aBarcelona :
_bAnthropos,
_c1992.
300 _a143 p ;
_c20 cm.
490 1 _aAmbitos literarios. Narrativa ;
_v37
830 0 0 _aÁmbitos literarios.
_pNarrativa ;
_v37
_9177289
852 _aES-MaACL
_jL-18342
_bR.120476
942 _2udc
999 _c10990
_d10990